[Event "DVM U16 2016"]
[Site "Neumarkt in der Oberpfalz GER"]
[Date "2016.12.29"]
[Round "5"]
[White "Balazs, Balint"]
[Black "Schilay, Lorenz"]
[Result "0-1"]
[Termination "normal"]
[Board "3.1"]
[WhiteElo "2084"]
[BlackElo "1840"]
[WhiteTeam "Hagener SV"]
[BlackTeam "SK Neumarkt"]
[PlyCount "84"]
[WhiteFideId "12922757"]
[BlackFideId "12930180"]
[EventCountry "GER"]
[EventRounds "7"]
[EventType "team-swiss"]
[EventDate "2016.12.26"]

1. d4 d5 2. Nf3 Nf6 3. Bf4 Bf5 4. e3 e6 5. Nh4 Bg4 6. f3 Bh5 7. Nc3 Bd6 8. Bxd6
cxd6 9. g3 Nc6 10. Ng2 Ne4 11. Nf4 Nxc3 12. bxc3 Bg6 13. h4 h5 14. Nxg6 fxg6
15. Rb1 Rb8 16. Bd3 g5 17. c4 dxc4 18. Bg6+ Kd7 19. d5 exd5 20. Qxd5 Qa5+ 21.
Qxa5 Nxa5 22. hxg5 Kc7 23. Kf2 Nc6 24. Bxh5 b5 25. f4 a5 26. Be2 Nb4 27. f5
Nxa2 28. Bf3 Nc3 29. Ra1 a4 30. g4 b4 31. Rhc1 Kd7 32. e4 a3 33. e5 dxe5 34.
Ke3 Rh3 35. Kf2 a2 36. Kg2 Rhh8 37. Be4 Nxe4 38. Rxa2 Ra8 39. Rb2 Rhb8 40. Re1
Nd2 41. c3 bxc3 42. Rc2 Rb2  0-1

[Event "DVM U16 2016"]
[Site "Neumarkt in der Oberpfalz GER"]
[Date "2016.12.29"]
[Round "5"]
[White "Neppert, Paul"]
[Black "Laubrock, Paul"]
[Result "0-1"]
[Termination "normal"]
[Board "3.2"]
[WhiteElo "1511"]
[BlackElo "1931"]
[WhiteTeam "SK Neumarkt"]
[BlackTeam "Hagener SV"]
[PlyCount "116"]
[WhiteFideId "16219414"]
[BlackFideId "1270509"]
[EventCountry "GER"]
[EventRounds "7"]
[EventType "team-swiss"]
[EventDate "2016.12.26"]

1. e4 d5 2. exd5 Qxd5 3. d4 Nf6 4. Nc3 Qa5 5. Nf3 Bg4 6. h3 Bh5 7. g4 Bg6 8.
Ne5 c6 9. h4 Be4 10. Nc4 Qc7 11. Nxe4 Nxe4 12. c3 e6 13. Qf3 Nf6 14. Bf4 Qd8
15. Ne5 Nbd7 16. O-O-O Qa5 17. Kb1 Qd5 18. Qxd5 Nxd5 19. Bh2 Be7 20. Nxd7 Kxd7
21. Bg3 Bd6 22. Bxd6 Kxd6 23. Rh3 h6 24. Rf3 Raf8 25. Bc4 Nf6 26. Rg1 Ke7 27.
Re3 g5 28. h5 Rd8 29. f3 Rd6 30. Rge1 Rhd8 31. Kc2 Nd7 32. R1e2 c5 33. dxc5
Nxc5 34. Re5 Rc8 35. R5e3 Rcd8 36. Re5 b6 37. R5e3 a5 38. Rf2 Rd1 39. Ree2 R8d6
40. Rd2 R1xd2+ 41. Rxd2 Rxd2+ 42. Kxd2 Kd6 43. b4 Nb7 44. Ba6 Nd8 45. Bb5 Ke5
46. Ke3 Nb7 47. a4 Nd6 48. bxa5 bxa5 49. c4 Nb7 50. Bc6 Nc5 51. Be8 f5 52. Bc6
f4+ 53. Kd2 Kd4 54. Bb5 e5 55. Kc2 e4 56. fxe4 Nxe4 57. Kd1 Nf2+ 58. Ke2 Nxg4 
0-1

[Event "DVM U16 2016"]
[Site "Neumarkt in der Oberpfalz GER"]
[Date "2016.12.29"]
[Round "5"]
[White "Brunner, Sophia"]
[Black "Schilay, Eva"]
[Result "1-0"]
[Termination "normal"]
[Board "3.3"]
[WhiteElo "1619"]
[BlackElo "1595"]
[WhiteClock "01:30:54"]
[WhiteTeam "Hagener SV"]
[BlackTeam "SK Neumarkt"]
[PlyCount "137"]
[WhiteFideId "12960683"]
[BlackFideId "12930164"]
[EventCountry "GER"]
[EventRounds "7"]
[EventType "team-swiss"]
[EventDate "2016.12.26"]

1. d4 { [%clk 1:30:54]}  1... d5 2. Bf4 Bf5 3. Nc3 Nf6 4. Nf3 e6 5. e3 Bd6 6.
Bxd6 cxd6 7. Bd3 Bg6 8. Bxg6 hxg6 9. Qd3 Nc6 10. Ne2 Ne4 11. Nd2 Qa5 12. c3
Nxd2 13. Qxd2 O-O 14. h4 Qd8 15. g4 b5 16. Ng3 a5 17. f4 f6 18. Qd3 Qe8 19.
Qxb5 Rb8 20. Qe2 a4 21. Qh2 Kf7 22. Qc2 Na5 23. b3 axb3 24. axb3 Qb5 25. b4 Nc4
26. Ra7+ Rb7 27. Rxb7+ Qxb7 28. Qe2 Ra8 29. O-O Ra3 30. Qd3 Nb2 31. Qc2 Nc4 32.
Re1 Qa7 33. h5 f5 34. hxg6+ Kf6 35. gxf5 Ra2 36. Nh5+ Ke7 37. f6+ gxf6 38. Qc1
Qa8 39. g7 Qe8 40. Qb1 Ra8 41. Qh7 Qg8 42. Qxg8 Rxg8 43. Kf2 Kf7 44. Rg1 Nd2
45. Ke2 Nc4 46. Kd3 Nb2+ 47. Ke2 Nc4 48. Rg2 Nb2 49. Kd2 Nc4+ 50. Kd3 Nb6 51.
e4 dxe4+ 52. Kxe4 d5+ 53. Kd3 Nc4 54. Rg3 Nd6 55. Kc2 Nc4 56. Kb3 Nd6 57. Rg1
Ne4 58. b5 Nd2+ 59. Kb4 Nc4 60. Kc5 Rc8+ 61. Kb4 Rg8 62. Rg4 Ne3 63. Rg1 Nc4
64. f5 Nd6 65. fxe6+ Kxe6 66. Re1+ Ne4 67. c4 Kd6 68. cxd5 Kxd5 69. Rxe4  1-0

[Event "DVM U16 2016"]
[Site "Neumarkt in der Oberpfalz GER"]
[Date "2016.12.29"]
[Round "5"]
[White "Hierl, Johannes"]
[Black "Scheidt, Mike Niklas"]
[Result "0-1"]
[Termination "normal"]
[Board "3.4"]
[WhiteElo "1226"]
[BlackElo "1580"]
[WhiteTeam "SK Neumarkt"]
[BlackTeam "Hagener SV"]
[PlyCount "45"]
[WhiteFideId "16235096"]
[BlackFideId "12965235"]
[EventCountry "GER"]
[EventRounds "7"]
[EventType "team-swiss"]
[EventDate "2016.12.26"]

1. d4 d5 2. Bf4 Bf5 3. e3 Nf6 4. c3 e6 5. Nf3 Bd6 6. Bg3 Nc6 7. Bd3 Ne4 8. Nbd2
Nxg3 9. Bxf5 Nxf5 10. Qc2 Qf6 11. O-O-O Qg6 12. Rhg1 a5 13. Qb3 Rb8 14. a4 O-O
15. Ne1 b5 16. axb5 Na7 17. Qa2 Rxb5 18. Nb3 Rfb8 19. Nd2 Rxb2 20. Qa1 Ne7 21.
f3 Nf5 22. Nd3 Nxe3 23. Nxb2 $155  0-1

[Event "DVM U16 2016"]
[Site "Neumarkt in der Oberpfalz GER"]
[Date "2016.12.29"]
[Round "5"]
[White "Färber, David"]
[Black "Kreyssig, Bruno"]
[Result "1-0"]
[Termination "normal"]
[Board "4.1"]
[WhiteElo "2159"]
[BlackElo "2165"]
[WhiteTeam "SV Walldorf"]
[BlackTeam "SG Leipzig"]
[PlyCount "63"]
[WhiteFideId "12971294"]
[BlackFideId "4692489"]
[EventCountry "GER"]
[EventRounds "7"]
[EventType "team-swiss"]
[EventDate "2016.12.26"]

1. e4 c5 2. Nf3 d6 3. d4 cxd4 4. Nxd4 Nf6 5. Nc3 g6 6. Be3 Bg7 7. f3 O-O 8. Qd2
Nc6 9. Bc4 Bd7 10. O-O-O Rb8 11. Bb3 Na5 12. Kb1 b5 13. h4 Nc4 14. Bxc4 bxc4
15. g4 Qb6 16. b3 cxb3 17. cxb3 Qb7 18. Bh6 Bxh6 19. Qxh6 a5 20. h5 a4 21. hxg6
fxg6 22. g5 axb3 23. a3 Rf7 24. gxf6 Qa7 25. Kb2 Ra8 26. Nb1 exf6 27. Qe3 Qc5
28. f4 Ra4 29. Rd2 Rc4 30. Qd3 Ba4 31. Nc3 Ra7 32. Ra1  1-0

[Event "DVM U16 2016"]
[Site "Neumarkt in der Oberpfalz GER"]
[Date "2016.12.29"]
[Round "5"]
[White "Halas, Julia"]
[Black "Hartmann, Cora"]
[Result "1-0"]
[Termination "normal"]
[Board "4.2"]
[WhiteElo "1839"]
[BlackElo "1856"]
[WhiteTeam "SG Leipzig"]
[BlackTeam "SV Walldorf"]
[PlyCount "131"]
[WhiteFideId "12931810"]
[BlackFideId "16200764"]
[EventCountry "GER"]
[EventRounds "7"]
[EventType "team-swiss"]
[EventDate "2016.12.26"]

1. d4 d5 2. c4 c6 3. Nf3 Nf6 4. Nc3 dxc4 5. a4 Bf5 6. Ne5 Nbd7 7. Nxc4 e6 8. g3
Bb4 9. Bg2 Nb6 10. Nxb6 Qxb6 11. O-O Rd8 12. e3 O-O 13. Qb3 Rd7 14. Na2 Ba5 15.
Qxb6 Bxb6 16. b4 a5 17. Ba3 axb4 18. Bxb4 Ra8 19. Nc3 Nd5 20. Nxd5 exd5 21. a5
Bc7 22. Rfc1 Bd3 23. Bf1 Bxf1 24. Kxf1 Rdd8 25. a6 bxa6 26. Rxc6 a5 27. Rxc7
axb4 28. Rxa8 Rxa8 29. Rb7 Kf8 30. Rxb4 Ke7 31. Rb7+ Ke6 32. Kg2 g5 33. Rb6+
Ke7 34. Rh6 Rh8 35. Kf3 f6 36. Kg4 Ke6 37. h3 Rb8 38. Rxh7 Rb2 39. Kf3 Kf5 40.
Rd7 Ke6 41. Rd8 Ra2 42. Rb8 Kf5 43. Rg8 Ra1 44. h4 gxh4 45. gxh4 Rh1 46. Rh8
Rg1 47. Rh5+ Ke6 48. Kf4 Rg2 49. f3 Rh2 50. Rh7 Rh1 51. h5 Rh2 52. h6 Rh4+ 53.
Kg3 Rh1 54. Rh8 Kf7 55. h7 Kg7 56. Rd8 Rh5 57. h8=Q+ Rxh8 58. Rxh8 Kxh8 59. Kf4
Kg7 60. Kf5 Kf7 61. e4 Ke7 62. exd5 Kd6 63. Kxf6 Kxd5 64. f4 Kxd4 65. f5 Kd5
66. Kg7  1-0

[Event "DVM U16 2016"]
[Site "Neumarkt in der Oberpfalz GER"]
[Date "2016.12.29"]
[Round "5"]
[White "Baureis, Julian"]
[Black "Hofmann, Timo"]
[Result "1/2-1/2"]
[Termination "normal"]
[Board "4.3"]
[WhiteElo "1606"]
[BlackElo "1858"]
[WhiteTeam "SV Walldorf"]
[BlackTeam "SG Leipzig"]
[PlyCount "55"]
[WhiteFideId "12991112"]
[BlackFideId "12946044"]
[EventCountry "GER"]
[EventRounds "7"]
[EventType "team-swiss"]
[EventDate "2016.12.26"]

1. d4 Nf6 2. c4 g6 3. Nc3 Bg7 4. e4 d6 5. Nf3 O-O 6. Be2 e5 7. O-O Nc6 8. d5
Ne7 9. b4 Nh5 10. Re1 f5 11. Ng5 Nf6 12. Bf3 c6 13. Ne6 Bxe6 14. dxe6 fxe4 15.
Nxe4 Nxe4 16. Bxe4 d5 17. cxd5 cxd5 18. Bc2 Qb6 19. Qd2 e4 20. Rb1 Bc3 21. Qe2
Bxe1 22. Qxe1 Qxe6 23. Bb3 Qf7 24. Bg5 Rac8 25. f3 exf3 26. Qxe7 f2+ 27. Kf1
Qf5 28. Rd1  1/2-1/2

[Event "DVM U16 2016"]
[Site "Neumarkt in der Oberpfalz GER"]
[Date "2016.12.29"]
[Round "5"]
[White "Ovsepyan, Arshak"]
[Black "Grieb, Lukas"]
[Result "1/2-1/2"]
[Termination "normal"]
[Board "5.1"]
[WhiteElo "2205"]
[BlackElo "1810"]
[WhiteTeam "SK Gräfelfing"]
[BlackTeam "SK Gau-Algesheim"]
[PlyCount "50"]
[WhiteFideId "24690236"]
[BlackFideId "1271993"]
[EventCountry "GER"]
[EventRounds "7"]
[EventType "team-swiss"]
[EventDate "2016.12.26"]

1. d4 d5 2. c4 e6 3. Nc3 Nf6 4. Nf3 Nbd7 5. Bf4 Be7 6. e3 O-O 7. c5 c6 8. Bd3
b6 9. b4 a5 10. a3 Bb7 11. O-O Qc8 12. Qc2 Ba6 13. Rfc1 Bxd3 14. Qxd3 Nh5 15.
Na4 Nxf4 16. exf4 axb4 17. axb4 bxc5 18. bxc5 Qc7 19. Ne5 Bd8 20. Nb6 Rxa1 21.
Rxa1 Nxe5 22. fxe5 Qb7 23. Qa6 Qe7 24. Nc8 Qh4 25. Qa4 f6  1/2-1/2

[Event "DVM U16 2016"]
[Site "Neumarkt in der Oberpfalz GER"]
[Date "2016.12.29"]
[Round "5"]
[White "Erlekam, Simon"]
[Black "von Schlippe, Nikolai"]
[Result "1/2-1/2"]
[Termination "normal"]
[Board "5.2"]
[WhiteElo "1843"]
[BlackElo "2114"]
[WhiteTeam "SK Gau-Algesheim"]
[BlackTeam "SK Gräfelfing"]
[PlyCount "54"]
[WhiteFideId "12921416"]
[BlackFideId "12928135"]
[EventCountry "GER"]
[EventRounds "7"]
[EventType "team-swiss"]
[EventDate "2016.12.26"]

1. e4 c5 2. Nf3 d6 3. d4 cxd4 4. Nxd4 Nf6 5. Nc3 g6 6. Be2 Bg7 7. Be3 Nc6 8. f3
Qb6 9. Nf5 Qxb2 10. Nxg7+ Kf8 11. Na4 Qa3 12. Bh6 Qxa4 13. Nh5+ Ke8 14. Nxf6+
exf6 15. Bg7 Qb4+ 16. Qd2 Qxd2+ 17. Kxd2 Rg8 18. Bxf6 Be6 19. Rab1 b6 20. Bb5
Kd7 21. c4 Rgc8 22. Rhc1 a6 23. Ba4 Rab8 24. a3 Kc7 25. Bxc6 Kxc6 26. Bd4 Kd7
27. Rxb6 Rxb6  1/2-1/2

[Event "DVM U16 2016"]
[Site "Neumarkt in der Oberpfalz GER"]
[Date "2016.12.29"]
[Round "5"]
[White "Longo, Massimo"]
[Black "Breitenbach, Justin"]
[Result "1-0"]
[Termination "normal"]
[Board "5.3"]
[WhiteElo "1919"]
[BlackElo "1453"]
[WhiteTeam "SK Gräfelfing"]
[BlackTeam "SK Gau-Algesheim"]
[PlyCount "49"]
[WhiteFideId "16205227"]
[BlackFideId "12971383"]
[EventCountry "GER"]
[EventRounds "7"]
[EventType "team-swiss"]
[EventDate "2016.12.26"]

1. d4 d5 2. Nf3 Nf6 3. e3 e6 4. Bd3 Be7 5. O-O O-O 6. Nbd2 Nbd7 7. Ne5 c5 8. b3
Qc7 9. Bb2 b6 10. f4 Bb7 11. Qf3 c4 12. Nxd7 Nxd7 13. bxc4 dxc4 14. Be4 c3 15.
Bxb7 cxb2 16. Rab1 Rab8 17. Be4 Qc3 18. Nb3 f5 19. Bd3 Nf6 20. e4 a5 21. a4
Rbc8 22. exf5 Nd5 23. Qe4 Rf6 24. fxe6 Nb4 25. Qxh7+  1-0

[Event "DVM U16 2016"]
[Site "Neumarkt in der Oberpfalz GER"]
[Date "2016.12.29"]
[Round "5"]
[White "Jilge, Sebastian"]
[Black "Yaroshenko, Yaroslav"]
[Result "0-1"]
[Termination "normal"]
[Board "5.4"]
[WhiteElo "1395"]
[BlackElo "1684"]
[WhiteTeam "SK Gau-Algesheim"]
[BlackTeam "SK Gräfelfing"]
[PlyCount "84"]
[WhiteFideId "16208048"]
[BlackFideId "16204905"]
[EventCountry "GER"]
[EventRounds "7"]
[EventType "team-swiss"]
[EventDate "2016.12.26"]

1. e4 d6 2. d4 g6 3. Nf3 Bg7 4. Nc3 Nc6 5. Bb5 Bd7 6. O-O e5 7. dxe5 Nxe5 8.
Bxd7+ Qxd7 9. Bg5 h6 10. Nxe5 Bxe5 11. Bh4 Ne7 12. Qf3 O-O 13. Bf6 Qe6 14. Bxe5
Qxe5 15. Qe3 Kh7 16. Rae1 a6 17. f4 Qc5 18. Qxc5 dxc5 19. Rd1 Rad8 20. Nd5 Nxd5
21. exd5 Rd6 22. c4 Rfd8 23. Rf3 c6 24. Rfd3 cxd5 25. Rxd5 Rxd5 26. Rxd5 Rxd5
27. cxd5 Kg7 28. Kf2 f5 29. Ke3 Kf7 30. Kd3 b5 31. b4 c4+ 32. Kd4 Ke7 33. h3 h5
34. h4 Kd6 35. a3 Kd7 36. Kc3 Ke7 37. Kd4 Kd6 38. g3 Kd7 39. a4 Kd6 40. a5 Kd7
41. Kc3 Kc7 42. Kd4 Kd6  0-1

[Event "DVM U16 2016"]
[Site "Neumarkt in der Oberpfalz GER"]
[Date "2016.12.29"]
[Round "5"]
[White "Wendler, David"]
[Black "Silber, Kevin"]
[Result "0-1"]
[Termination "normal"]
[Board "6.1"]
[WhiteElo "1962"]
[BlackElo "2053"]
[WhiteTeam "SK Bebenhausen"]
[BlackTeam "Delmenhorster SK"]
[PlyCount "76"]
[WhiteFideId "12938360"]
[BlackFideId "12930440"]
[EventCountry "GER"]
[EventRounds "7"]
[EventType "team-swiss"]
[EventDate "2016.12.26"]

1. e4 e5 2. Nf3 Nc6 3. Bb5 a6 4. Bxc6 dxc6 5. O-O Be6 6. d4 exd4 7. Nxd4 Qh4 8.
Nxe6 fxe6 9. Nd2 O-O-O 10. Qe2 Nf6 11. Nf3 Qh5 12. Bf4 Be7 13. Rad1 Nd7 14. Qe3
Bc5 15. Qc3 Rhf8 16. Bg3 g6 17. b4 Bb6 18. Qb3 c5 19. a3 Qg4 20. Rfe1 c4 21.
Qxc4 h5 22. Rxd7 Rxd7 23. Ne5 Rd1 24. Kf1 Qxg3 25. Qxe6+ Kb8 26. hxg3 Rxf2+ 27.
Kg1 Rf6+ 28. Kh2 Rxe6 29. Rxd1 Rxe5 30. c4 c6 31. Rd6 Bc7 32. Rxg6 Rxe4 33. Kg1
Rxc4 34. Rh6 Bxg3 35. Kf1 Re4 36. Rh8+ Ka7 37. Re8 Rxe8 38. Kg1 Re1#  0-1

[Event "DVM U16 2016"]
[Site "Neumarkt in der Oberpfalz GER"]
[Date "2016.12.29"]
[Round "5"]
[White "Sinnhöfer, Jonas"]
[Black "Freiherr von Hauff, Christopher"]
[Result "0-1"]
[Termination "normal"]
[Board "6.2"]
[WhiteElo "1905"]
[BlackElo "1793"]
[WhiteTeam "Delmenhorster SK"]
[BlackTeam "SK Bebenhausen"]
[PlyCount "62"]
[WhiteFideId "12982938"]
[BlackFideId "16200691"]
[EventCountry "GER"]
[EventRounds "7"]
[EventType "team-swiss"]
[EventDate "2016.12.26"]

1. e4 e5 2. Nf3 Nc6 3. Bb5 a6 4. Bxc6 dxc6 5. O-O Bg4 6. h3 h5 7. d3 Qf6 8.
Nbd2 Ne7 9. Re1 Ng6 10. d4 Nf4 11. hxg4 hxg4 12. g3 Qg6 13. Nh4 Qh5 14. f3 g5
15. fxg4 Qh7 16. Ndf3 Nh3+ 17. Kg2 gxh4 18. Kxh3 hxg3+ 19. Kxg3 Qh3+ 20. Kf2
O-O-O 21. Bg5 Rxd4 22. Nxd4 Qh2+ 23. Ke3 exd4+ 24. Kxd4 Qd6+ 25. Kc3 Qc5+ 26.
Kd3 Qxg5 27. c3 Qb5+ 28. Ke3 Rh3+ 29. Kf2 Qxb2+ 30. Re2 Bc5+ 31. Kg2 Qxc3  0-1

[Event "DVM U16 2016"]
[Site "Neumarkt in der Oberpfalz GER"]
[Date "2016.12.29"]
[Round "5"]
[White "Grimm, Ling Leander"]
[Black "Petri, Ben-Luca"]
[Result "1-0"]
[Termination "normal"]
[Board "6.3"]
[WhiteElo "1703"]
[BlackElo "1709"]
[WhiteTeam "SK Bebenhausen"]
[BlackTeam "Delmenhorster SK"]
[PlyCount "53"]
[WhiteFideId "12968277"]
[BlackFideId "12947261"]
[EventCountry "GER"]
[EventRounds "7"]
[EventType "team-swiss"]
[EventDate "2016.12.26"]

1. e4 Nc6 2. d4 e5 3. d5 Nce7 4. Be3 Ng6 5. Bd3 Be7 6. Qd2 d6 7. c4 Nh4 8. f3
f5 9. g3 fxe4 10. Bxe4 Ng6 11. Nc3 Nf6 12. Bc2 c5 13. O-O-O Bd7 14. Nge2 Qa5
15. h4 Nf8 16. g4 O-O-O 17. Ng3 g6 18. Bg5 Re8 19. Kb1 h5 20. gxh5 Nxh5 21.
Nge4 Bxg5 22. Nxd6+ Kb8 23. Qxg5 Rd8 24. Nf7 Nh7 25. Qxe5+ Ka8 26. Nxh8 Qxa2+
27. Kxa2  1-0

[Event "DVM U16 2016"]
[Site "Neumarkt in der Oberpfalz GER"]
[Date "2016.12.29"]
[Round "5"]
[White "Rautenberg, Jakob"]
[Black "Greitmann, Niklas"]
[Result "1/2-1/2"]
[Termination "normal"]
[Board "6.4"]
[WhiteElo "1697"]
[BlackElo "1435"]
[WhiteTeam "Delmenhorster SK"]
[BlackTeam "SK Bebenhausen"]
[PlyCount "68"]
[WhiteFideId "16214749"]
[BlackFideId "16200705"]
[EventCountry "GER"]
[EventRounds "7"]
[EventType "team-swiss"]
[EventDate "2016.12.26"]

1. e4 c5 2. Nf3 Nc6 3. d4 cxd4 4. Nxd4 g6 5. c4 Bg7 6. Be3 Nf6 7. Nc3 Ng4 8.
Qxg4 Nxd4 9. Qd1 e5 10. Nd5 O-O 11. Be2 d6 12. O-O f5 13. f3 Be6 14. Bd3 Rc8
15. Rc1 Rf7 16. Qd2 b6 17. b3 Bxd5 18. cxd5 f4 19. Bf2 Rxc1 20. Rxc1 g5 21. h3
Rc7 22. Rxc7 Qxc7 23. Bxd4 exd4 24. Qc2 Qxc2 25. Bxc2 Kf7 26. Kf2 Ke7 27. Ke2
Bf6 28. Kf2 Kf7 29. g4 h5 30. Ke2 hxg4 31. hxg4 Ke7 32. Bd3 Kd8 33. b4 Kc7 34.
b5 Be7  1/2-1/2

[Event "DVM U16 2016"]
[Site "Neumarkt in der Oberpfalz GER"]
[Date "2016.12.29"]
[Round "5"]
[White "Linnert, Niklas"]
[Black "Joeres, Stefan"]
[Result "0-1"]
[Termination "normal"]
[Board "7.1"]
[WhiteElo "1806"]
[BlackElo "1918"]
[WhiteTeam "SK König Plauen"]
[BlackTeam "Karlsruher SF"]
[PlyCount "98"]
[WhiteFideId "12974781"]
[BlackFideId "12983160"]
[EventCountry "GER"]
[EventRounds "7"]
[EventType "team-swiss"]
[EventDate "2016.12.26"]

1. e4 c5 2. Nf3 Nc6 3. d4 cxd4 4. Nxd4 g6 5. Nc3 Bg7 6. Be3 Nf6 7. Bc4 O-O 8.
O-O Nxe4 9. Nxe4 d5 10. Nxc6 bxc6 11. Bd3 dxe4 12. Bxe4 Qc7 13. Qf3 Rb8 14.
Rab1 Bxb2 15. Bxc6 Be6 16. Rbd1 Rfc8 17. Bf4 Be5 18. Bxe5 Qxe5 19. Rfe1 Qa5 20.
Bd5 Bxd5 21. Qxd5 Qxd5 22. Rxd5 Rxc2 23. Rd7 Rxa2 24. Rdxe7 Rbb2 25. Rf1 a5 26.
Ra7 a4 27. g3 a3 28. Kg2 Kg7 29. Kf3 Rb3+ 30. Kg2 Rc2 31. Ra1 Rbb2 32. R1xa3
Rxf2+ 33. Kg1 Rg2+ 34. Kf1 Rxh2 35. Kg1 Rhc2 36. Rf3 Rc1+ 37. Rf1 Rxf1+ 38.
Kxf1 h5 39. Ra5 Kh6 40. Kg1 f6 41. Kf1 f5 42. Ra6 h4 43. gxh4 Rb4 44. Kg2 Rxh4
45. Kg3 Rb4 46. Ra8 Kg5 47. Rg8 Rb3+ 48. Kg2 Kh5 49. Rf8 Kg4  0-1

[Event "DVM U16 2016"]
[Site "Neumarkt in der Oberpfalz GER"]
[Date "2016.12.29"]
[Round "5"]
[White "Wiesner, Alexander"]
[Black "Burian, Simon"]
[Result "1/2-1/2"]
[Termination "normal"]
[Board "7.2"]
[WhiteElo "1989"]
[BlackElo "1827"]
[WhiteTeam "Karlsruher SF"]
[BlackTeam "SK König Plauen"]
[PlyCount "104"]
[WhiteFideId "12943991"]
[BlackFideId "12956902"]
[EventCountry "GER"]
[EventRounds "7"]
[EventType "team-swiss"]
[EventDate "2016.12.26"]

1. d4 Nf6 2. c4 c5 3. e3 e6 4. Nc3 cxd4 5. exd4 d5 6. Nf3 Be7 7. Bd3 dxc4 8.
Bxc4 O-O 9. O-O Nc6 10. Bf4 a6 11. Rc1 Bd7 12. d5 exd5 13. Nxd5 Nxd5 14. Bxd5
Bf6 15. Qb3 Bc8 16. Rfd1 Qa5 17. Bd6 Rd8 18. Bxf7+ Kh8 19. Bg3 Rxd1+ 20. Rxd1
b5 21. Bd5 Bb7 22. Rc1 Rc8 23. Rd1 Re8 24. h3 Qb6 25. Bf7 Re7 26. Rd6 Qc5 27.
Bd5 Re8 28. Rd7 Na5 29. Qd1 Bxd5 30. Rxd5 Qb4 31. b3 Rc8 32. Be5 Qf8 33. Bxf6
Qxf6 34. Rd6 Qf8 35. Rd7 h6 36. Ne5 Qf6 37. Nf3 Nc6 38. Rd6 Qf4 39. Qd2 Qf5 40.
Qd1 Qf4 41. Qd2 Qe4 42. a3 Qb1+ 43. Qd1 Qe4 44. Rd7 Ne5 45. Nxe5 Qxe5 46. Rd8+
Rxd8 47. Qxd8+ Kh7 48. Qd3+ Kh8 49. g3 Qa1+ 50. Kh2 Qxa3 51. Qd8+ Kh7 52. Qd3+
Kh8  1/2-1/2

[Event "DVM U16 2016"]
[Site "Neumarkt in der Oberpfalz GER"]
[Date "2016.12.29"]
[Round "5"]
[White "Nicklaus, Timm"]
[Black "Wegmer, Leon"]
[Result "0-1"]
[Termination "normal"]
[Board "7.3"]
[WhiteElo "1625"]
[BlackElo "1511"]
[WhiteTeam "SK König Plauen"]
[BlackTeam "Karlsruher SF"]
[PlyCount "68"]
[WhiteFideId "12957143"]
[BlackFideId "12983748"]
[EventCountry "GER"]
[EventRounds "7"]
[EventType "team-swiss"]
[EventDate "2016.12.26"]

1. e4 c6 2. d4 d5 3. e5 Bf5 4. Bd3 Bxd3 5. Qxd3 e6 6. Nf3 Nd7 7. O-O c5 8. c3
Qb6 9. Nbd2 Ne7 10. Rd1 cxd4 11. cxd4 Rc8 12. Nf1 Nc6 13. a3 Na5 14. b4 Nc4 15.
Ne3 Be7 16. Nxc4 Rxc4 17. Be3 O-O 18. Rdc1 Rfc8 19. Ng5 Bxg5 20. Bxg5 Qb5 21.
Qg3 Rxc1+ 22. Rxc1 Rxc1+ 23. Bxc1 Qe2 24. h3 Qe1+ 25. Kh2 Qxc1 26. Qd3 Qc4 27.
Qe3 Nb6 28. Kg1 Qa6 29. Qg5 Nd7 30. Qe3 h6 31. Qb3 Nb6 32. Qg3 Qc4 33. Qh4 Qc1+
34. Kh2 Qg5  0-1

[Event "DVM U16 2016"]
[Site "Neumarkt in der Oberpfalz GER"]
[Date "2016.12.29"]
[Round "5"]
[White "Akimenko, Oleg"]
[Black "Hörkner, Nico"]
[Result "0-1"]
[Termination "normal"]
[Board "7.4"]
[WhiteElo "1225"]
[BlackElo "1622"]
[WhiteTeam "Karlsruher SF"]
[BlackTeam "SK König Plauen"]
[PlyCount "86"]
[WhiteFideId "16235126"]
[BlackFideId "12974900"]
[EventCountry "GER"]
[EventRounds "7"]
[EventType "team-swiss"]
[EventDate "2016.12.26"]

1. e4 c5 2. Nf3 e6 3. c3 Nf6 4. e5 Nd5 5. d4 Nc6 6. c4 Nde7 7. d5 Nb8 8. d6 Ng6
9. Be3 Nc6 10. Nc3 a6 11. Bxc5 Ngxe5 12. Nxe5 Nxe5 13. Qe2 Qg5 14. h4 Nd3+ 15.
Qxd3 Qxc5 16. Rd1 Rb8 17. Be2 b6 18. Bf3 Bb7 19. Bxb7 Rxb7 20. O-O Rb8 21. Rfe1
Kd8 22. Ne4 Qf5 23. Ng5 Qxd3 24. Rxd3 Ke8 25. a4 f6 26. Nf3 Kf7 27. Rc1 e5 28.
Nd2 Ke6 29. Ne4 h6 30. g4 h5 31. g5 f5 32. Ng3 Rb7 33. Rcd1 g6 34. b4 Bg7 35.
Rc1 Rc8 36. Ne2 Rc6 37. b5 axb5 38. cxb5 Rxc1+ 39. Nxc1 Bf8 40. Ne2 Bxd6 41.
Nc3 Bc5 42. Nd5 Ra7 43. Nf6 d6  0-1

[Event "DVM U16 2016"]
[Site "Neumarkt in der Oberpfalz GER"]
[Date "2016.12.29"]
[Round "5"]
[White "Kasüschke, Lars"]
[Black "Kesselmeier, Kevin"]
[Result "1/2-1/2"]
[Termination "normal"]
[Board "8.1"]
[WhiteElo "1900"]
[BlackElo "1893"]
[WhiteTeam "SG Schwäbisch Gmünd"]
[BlackTeam "SK Blauer Springer Paderborn"]
[PlyCount "125"]
[WhiteFideId "12939510"]
[BlackFideId "16217551"]
[EventCountry "GER"]
[EventRounds "7"]
[EventType "team-swiss"]
[EventDate "2016.12.26"]

1. e4 d5 2. exd5 Qxd5 3. d4 Nf6 4. Nf3 Bg4 5. Be2 Nc6 6. c3 e6 7. Bf4 Rc8 8.
O-O Be7 9. Nbd2 Qf5 10. Bg3 g5 11. Nc4 Bxf3 12. Bxf3 Qb5 13. Qb3 a6 14. Ne5
Nxe5 15. Bxe5 Qxb3 16. axb3 c6 17. b4 Rg8 18. b5 axb5 19. Ra7 g4 20. Be2 Ne4
21. Bd3 f6 22. Bxe4 fxe5 23. dxe5 Rb8 24. Rxb7 Rxb7 25. Bxc6+ Kf7 26. Bxb7 Rd8
27. f3 Bc5+ 28. Kh1 gxf3 29. Bxf3 Rd2 30. b4 Bb6 31. h3 Rc2 32. Be4+ Rf2 33.
Re1 h6 34. Bd3 Rb2 35. Bxb5 Rb3 36. c4 Rxb4 37. Rd1 Be3 38. g3 Rb3 39. Rd7+ Kg6
40. g4 Kg5 41. Rf7 Bd4 42. Bd7 Rxh3+ 43. Kg2 Re3 44. Rg7+ Kf4 45. Bxe6 Rxe5 46.
Rg6 h5 47. Rf6+ Kg5 48. Rf5+ Rxf5 49. gxf5 Kf4 50. Kh3 Kg5 51. Kg3 h4+ 52. Kf3
Bc5 53. Ke4 Be7 54. Bc8 Bb4 55. Ke5 Ba3 56. Ke6 h3 57. Bb7 h2 58. f6 Bb2 59. f7
Ba3 60. Be4 Bb4 61. Ke5 Ba3 62. Kd4 Kf6 63. Bd5  1/2-1/2

[Event "DVM U16 2016"]
[Site "Neumarkt in der Oberpfalz GER"]
[Date "2016.12.29"]
[Round "5"]
[White "Möller, Lisa-Marie"]
[Black "Reindl, Arno"]
[Result "1/2-1/2"]
[Termination "normal"]
[Board "8.2"]
[WhiteElo "1772"]
[BlackElo "1854"]
[WhiteTeam "SK Blauer Springer Paderborn"]
[BlackTeam "SG Schwäbisch Gmünd"]
[PlyCount "41"]
[WhiteFideId "12959367"]
[BlackFideId "12946729"]
[EventCountry "GER"]
[EventRounds "7"]
[EventType "team-swiss"]
[EventDate "2016.12.26"]

1. e4 c5 2. Nf3 Nc6 3. Bb5 g6 4. Bxc6 bxc6 5. O-O Bg7 6. Re1 Nf6 7. d3 O-O 8.
e5 Nd5 9. c4 Nc7 10. d4 cxd4 11. Qxd4 Ne6 12. Qh4 Re8 13. Nc3 Ba6 14. Ng5 Nxg5
15. Bxg5 Rb8 16. Rab1 Rb4 17. Re4 Qb8 18. b3 Bxe5 19. Bxe7 Rb7 20. Bf6 Bxf6 21.
Qxf6  1/2-1/2